Sexualidad en jóvenes universitarios /

Zapisane w:
Opis bibliograficzny
1. autor: Gysling, Jacqueline
Kolejni autorzy: Benavente, María Cristina, Olavarría, José
Format: Texto
Wydane: Santiago: FLACSO
Hasła przedmiotowe:
Etykiety: Dodaj etykietę
Nie ma etykietki, Dołącz pierwszą etykiete!

MARC

LEADER 00000 a a2200000 04500
001 18769
003
040
090 |a 144300  
100 |a Gysling, Jacqueline  
245 |a Sexualidad en jóvenes universitarios /  |c Jacqueline Gysling 
260 |a Santiago:   |b FLACSO  
300 |a 51 p.  
300 |b **no definido**  
650 |a JUVENTUD  
650 |a UNIVERSITARIOS NO DIPLOMADOS  
650 |a COMPORTAMIENTO SEXUAL  
650 |a SEXUALIDAD  
650 |a ANTICONCEPCION  
700 |a Benavente, María Cristina  
700 |a Olavarría, José  
999 |c 13440  |d 13440